| 000 | 00536 a2200193 4500 | ||
|---|---|---|---|
| 005 | 20260415143541.0 | ||
| 008 | 260415b |||||||| |||| 00| 0 eng d | ||
| 020 |
_a9788131614310 _cRs. 1795.00 |
||
| 040 | _aMAIN | ||
| 082 |
_a305.8 _bJ334S |
||
| 100 | _aJayaram, N | ||
| 245 | _aStudies in Indian sociology: Identity, communit ethnicity, and conflict | ||
| 260 |
_bRawat Publications _aJaipur _c2025 |
||
| 300 | _axiii, 283 | ||
| 650 | _aSociology | ||
| 650 | _aSocial Groups | ||
| 650 | _aEthnic-National Groups | ||
| 942 | _cBK | ||
| 999 |
_c394718 _d394718 |
||